LEADER 01117nam a2200229 i 4500 001 000000021045 003 CaOOAMICUS 005 20231107110029.0 008 180830s1977 it u000 u ita u 040 $aSeMil$bita 100 1 $aMennonna, Antonio Rosario <1906- >.$0(OLS)http://semarc/name/4960 245 13$aUn dialetto della Lucania :$bstudi su muro lucano /$cAntonio Rosario Mennonna. 260 $aGalatina :$bCongedo,$c1977. 300 $a2 v. ;$c25 cm. 650 4$aDialetti italiani storici.$0(OLS)http://semarc/subject/54683 650 4$aLucania .$0(OLS)http://semarc/subject/25414 650 4$aMuro lucano.$0(OLS)http://semarc/subject/54682 774 0 $aMennonna, Antonio Rosario <1906- >$tGrammatica e antologia.$kCollana di cultura lucana$gVolume1$w()154090 774 0 $aMennonna, Antonio Rosario <1906- >$tVocabolario.$kCollana di cultura lucana$gVolume2$w()154092 996 $6245$aUn dialetto della Lucania :$bstudi su muro lucano$9(OLS)http://semarc/title/27795 996 $6260$aGalatina :$bCongedo$9(OLS)http://semarc/publisher/35436 LEADER 01041nam a2200241 i 4500 001 000000179297 003 CaOOAMICUS 005 20090508000000.0 008 090508s1974 it u000 u fre u 013 $a156873 040 $aSeMil$bita 100 1 $aMurphy, Francis Xavier.$0(OLS)http://semarc/name/66489 245 10$aCostantinople 2. et 3. /$cF. X. Murphy, P. Sherwood. 260 $aParis :$bÉditions de l'Orante,$ccopyr. 1974. 300 $a358 p., [2] c. di tav. :$bill. ;$c19 cm. 490 0 $aHistoire des conciles oecuméniques ;$v3. 500 $aContiene : Chronologie ; Orientations bibliographiques. 700 1 $aSherwood, Polycarp .$0(OLS)http://semarc/name/32690 830 0$aHistoire des conciles oecuméniques ;$v3.$0(OLS)http://semarc/title/2465 850 $aSeMil 852 $aSeMil$W1$xVenegono$y1$m3B I 113$j130061$B130061$CSeMilBibl$Z2$F141563 $81 996 $6245$aCostantinople 2. et 3.$9(OLS)http://semarc/title/257449 996 $6260$aParis :$bÉditions de l'Orante$9(OLS)http://semarc/publisher/35486